International flags with religious symbols in it - Statistics

General Stats
  • This quiz has been taken 489 times
    460 since last reset
  • The average score is 40 of 64
Answer Stats
Hint Answer % Correct
Europe United Kingdom
83%
Europe Norway
81%
Europe Sweden
81%
Judaism Asia Israel
80%
Oceania Australia
79%
Europe Denmark
79%
Eurasia Turkey
79%
Europe Finland
78%
Europe Iceland
78%
Asia Pakistan
77%
Europe Vatican City
77%
Asia Iran
75%
Asia Iraq
75%
Asia India
74%
Oceania New Zealand
74%
Asia Saudi Arabia
74%
Africa Algeria
71%
Europe Spain
71%
Eurasia Georgia
70%
Europe Greece
69%
Eurasia Azerbaijan
68%
Oceania Fiji
68%
Africa Tunisia
68%
Europe Portugal
67%
Europe Switzerland
67%
Europe Malta
66%
Africa Morocco
66%
Asia Nepal
66%
Asia Turkmenistan
66%
Islam Asia Afghanistan
65%
Christianity Europe Andorra
65%
Asia Bhutan
65%
Europe San Marino
64%
Europe Slovakia
64%
Oceania Tuvalu
63%
Europe Serbia
62%
Africa Libya
61%
Americas Mexico
61%
Asia Tajikistan
61%
Asia Uzbekistan
61%
Asia Malaysia
60%
Africa Mauritania
59%
Asia South Korea
59%
Asia Japan
58%
Hinduism/Buddhism Asia Cambodia
57%
Oceania Tonga
56%
Asia Mongolia
55%
Asia Sri Lanka
55%
Asia Maldives
53%
Europe Moldova
52%
Others Americas Argentina
51%
Asia Brunei
51%
Asia Jordan
51%
Europe Liechtenstein
51%
Oceania Samoa
51%
Oceania Vanuatu
50%
Europe Montenegro
49%
Africa Comoros
46%
Oceania Papua New Guinea
46%
Americas Dominica
44%
Oceania Marshall Islands
44%
Americas Dominican Republic
42%
Americas Uruguay
42%
Asia Bahrain
34%
No matching quizzes found
Score Distribution
Percent of People with Each Score
Percentile by Number Answered
Your Score History
You have not taken this quiz since the last reset